| 000 | 00715 a2200229 4500 | ||
|---|---|---|---|
| 001 | sjds | ||
| 003 | sjds | ||
| 005 | 20240227193138.0 | ||
| 008 | 240227b |||||||| |||| 00| 0 spa d | ||
| 020 | _a0439052084 (pbk.) | ||
| 020 | _a9780439052085 (pbk.) | ||
| 040 | _csjds | ||
| 041 | _aspa | ||
| 100 | 1 | 0 | _aJoosse, Barbara M. |
| 245 | 1 | 0 |
_aMe quieres, mama? / _cescrito por Barbara M. Joosse ; ilustraciones de Barbara Lavallee ; traducido por Diego Lasconi. |
| 260 |
_a New York : _bScholastic _c1999, c1998 |
||
| 300 |
_a1 volume (unpaged) : _bcolor illustrations ; _c25 cm |
||
| 500 | _aTranslation of: Mama, do you love me? | ||
| 700 | 1 | 0 | _aLavallee, Barbara. |
| 700 | 1 | 0 | _aLasconi, Diego. |
| 942 | _cBK | ||
| 999 |
_c21597 _d21597 |
||